000 006010000a22001810004500
003 MACL
005 20160601142139.0
008 160601b xxu||||| |||| 00| 0 eng d
040 _aMACL
_cMACL
041 _aHindi
082 _a920
100 _aभटनागर, राजेन्‍द्रमोहन
_939412
245 _aअवधूत लोहिया
_cराजेन्‍द्रमोहन भटनागर
260 _bशिवानी बुक्‍स
_c2005
_aदिल्‍ली
350 _a500
650 _aAutobiography
_961339
942 _cHIN
_k920/BHA
_2ddc
999 _c10062
_d10062